[Event "Orel"]
[Site "Orel"]
[Date "1992.??.??"]
[Round "?"]
[White "Godes, A."]
[Black "Barsov, Alexei"]
[Result "1/2-1/2"]
[WhiteElo "2395"]
[BlackElo "2400"]
[PlyCount "31"]
[EventDate "1992.??.??"]
[EventType "tourn"]
[EventRounds "11"]
[EventCountry "RUS"]
[EventCategory "8"]
[SourceTitle "EXT 1997"]
[Source "ChessBase"]
[SourceDate "1996.11.15"]
[SourceVersion "1"]
[SourceVersionDate "1996.11.15"]
[SourceQuality "1"]

1. Nf3 d5 2. g3 c6 3. Bg2 Bg4 4. c4 e6 5. 0-0 Nf6 6. Ne5 Bh5 7. d4 Nbd7 8. Nxd7 Qxd7 9. cxd5 exd5 10. Nc3 Bd6 11. Bg5 Ng8 12. Qd2 Ne7 13. e4 dxe4 14. Nxe4 0-0 15. Nxd6 Qxd6 16. Bxe7 1/2-1/2

[Event "Orel"]
[Site "Orel"]
[Date "1992.??.??"]
[Round "?"]
[White "Godes, A."]
[Black "Savon, Vladimir A"]
[Result "1/2-1/2"]
[WhiteElo "2395"]
[BlackElo "2420"]
[PlyCount "41"]
[EventDate "1992.??.??"]
[EventType "tourn"]
[EventRounds "11"]
[EventCountry "RUS"]
[EventCategory "8"]
[SourceTitle "EXT 1997"]
[Source "ChessBase"]
[SourceDate "1996.11.15"]
[SourceVersion "1"]
[SourceVersionDate "1996.11.15"]
[SourceQuality "1"]

1. Nf3 d5 2. g3 c6 3. Bg2 Bg4 4. c4 e6 5. 0-0 Bxf3 6. Bxf3 dxc4 7. Qc2 Qd4 8. e3 Qd3 9. Qd1 Nf6 10. Be2 Qd7 11. Bxc4 c5 12. Qf3 Nc6 13. Bb5 Rc8 14. Nc3 a6 15. Bxc6 Qxc6 16. Qxc6+ Rxc6 17. Rd1 Bd6 18. d4 cxd4 19. exd4 Kd7 20. d5 Nxd5 21. Nxd5 1/2-1/2

[Event "Muenster op"]
[Site "Muenster"]
[Date "1990.??.??"]
[Round "7"]
[White "Semina, Svetlana"]
[Black "Godes, A."]
[Result "1-0"]
[WhiteElo "2145"]
[BlackElo "2400"]
[PlyCount "97"]
[EventDate "1990.??.??"]
[EventType "swiss"]
[EventRounds "9"]
[EventCountry "GER"]
[SourceTitle "EXT 1997"]
[Source "ChessBase"]
[SourceDate "1996.11.15"]
[SourceVersion "1"]
[SourceVersionDate "1996.11.15"]
[SourceQuality "1"]

1. e4 c5 2. Nf3 e6 3. d4 cxd4 4. Nxd4 d6 5. Nc3 a6 6. Be3 Nf6 7. Be2 b5 8. Bf3 e5 9. Nf5 g6 10. Nh6 Bb7 11. a3 Nbd7 12. Ng4 Ng8 13. Bc1 Nb6 14. 0-0 h5 15. Ne3 Nf6 16. Qd3 Rc8 17. Ned1 Nfd7 18. Qe2 Nc5 19. g3 Ne6 20. Bg2 h4 21. Ne3 Nd4 22. Qd1 Qc7 23. Bd2 Qc5 24. Rc1 hxg3 25. hxg3 Be7 26. Re1 f5 27. Ncd5 Bxd5 28. exd5 Nc4 29. Bb4 Qb6 30. b3 a5 31. bxc4 axb4 32. axb4 bxc4 33. c3 Nb5 34. Bf1 Kf7 35. Nxc4 Qb7 36. Qd2 Nc7 37. Red1 Ra8 38. Na5 Qb6 39. c4 Rab8 40. Nc6 Rb7 41. c5 dxc5 42. Nxe7 Qxb4 43. Qg5 Qg4 44. Qxg4 fxg4 45. Nc6 Kf6 46. Rxc5 Rb2 47. Nxe5 Kxe5 48. Rxc7 Rf8 49. Re7+ 1-0